Semiología electrocardiográfica / (Registro nro. 574)
[ vista simple ]
| 000 -LEADER | |
|---|---|
| fixed length control field | 01350cam a2200325 a 4500 |
| 005 - FECHA ULTIMA MODIFICACION | |
| control field | 20240613110226.0 |
| 008 - CAMPO DE CONTROL (LIBRO) | |
| fixed length control field | 100806s1988||||ag d | |||| 00| 0 spa d |
| 020 ## - INTERNATIONAL STANDARD BOOK NUMBER | |
| ISBN | 9509275239 |
| 041 ## - CODIGO DE IDIOMA | |
| Código de idioma del texto/pista de sonido o título separado | spa |
| 092 ## - SIGNATURA TOPOGRAFICA DEWEY LOCAL | |
| número de clasificación | 616 |
| libristica | 10 |
| sección | CAL |
| 100 1# - ENTRADA PRINCIPAL--NOMBRE PERSONAL | |
| Nombre personal | Califano, Jorge Eduardo. |
| 9 (RLIN) | 903 |
| 245 ## - TITULO PROPIAMENTE DICHO | |
| Título | Semiología electrocardiográfica / |
| Mención de responsabilidad y remanente de la transcripción de la portada | Jorge Eduardo Califano. |
| 250 ## - MENCION DE EDICION | |
| Mención de edición | 3a ed. |
| 260 ## - PIE DE IMPRENTA | |
| Lugar de publicación, distribución, etc | Buenos Aires : |
| Nombre de la editorial, distribuidor, etc | EDIMED, |
| Fecha de publicación | 1988. |
| 300 ## - DESCRIPCION FISICA | |
| Extension | 147 p. |
| Otros detalles físicos | il. |
| 500 ## - NOTA GENERAL | |
| Nota general | Califano, J. E. (1988). Semiología electrocardiográfica. (3a ed.). Buenos Aires : EDIMED. |
| 653 ## - TÉRMINO INDIZADO - PALABRAS CLAVES | |
| Palabra clave | Nociones de electrofisiología |
| 653 ## - TÉRMINO INDIZADO - PALABRAS CLAVES | |
| Palabra clave | Electrocardiógrafos. Técnica de registro. Sistemas de derivaciones |
| 653 ## - TÉRMINO INDIZADO - PALABRAS CLAVES | |
| Palabra clave | Activación del corazón |
| 653 ## - TÉRMINO INDIZADO - PALABRAS CLAVES | |
| Palabra clave | Técnica de lectura electrocardigráfica. Electrocardiografía normal |
| 653 ## - TÉRMINO INDIZADO - PALABRAS CLAVES | |
| Palabra clave | Electrocardiograma en las sobrecargas auriculares |
| 653 ## - TÉRMINO INDIZADO - PALABRAS CLAVES | |
| Palabra clave | Electrocardiograma en la hipertrofia ventricular derecha y en la hipertrofia biventricular |
| 653 ## - TÉRMINO INDIZADO - PALABRAS CLAVES | |
| Palabra clave | Electrocardiograma en los bloqueos de rama |
| 653 ## - TÉRMINO INDIZADO - PALABRAS CLAVES | |
| Palabra clave | Electrocardiograma en la insuficiencia coronaria aguda y crónica |
| 653 ## - TÉRMINO INDIZADO - PALABRAS CLAVES | |
| Palabra clave | Electrocardiograma en las arritmias |
| 653 ## - TÉRMINO INDIZADO - PALABRAS CLAVES | |
| Palabra clave | Electrocardiograma en los trastornos hidroelectrolíticos |
| 653 ## - TÉRMINO INDIZADO - PALABRAS CLAVES | |
| Palabra clave | Electrocardiograma y los farmacos cardioactivos |
| 930 ## - NUMERO DE INVENTARIO | |
| Número de inventario | 1096 |
| 942 ## - ADDED ENTRY ELEMENTS (KOHA) | |
| Source of classification or shelving scheme | Dewey Decimal Classification |
| Item type | Libros |
| Estado de retiro | Existencia | Estado general | No para prestamo | Ubicación permanente | ubicación actual | Sala de ubicación | Fecha de adquisición | Total Checkouts | Número de clasificación | Código de barras | Date last seen | Date last borrowed | Número de ejemplar | Price effective from | Koha tipo de elemento (item) |
|---|---|---|---|---|---|---|---|---|---|---|---|---|---|---|---|
| Biblioteca Medicina | Biblioteca Medicina | Circulación | 13/05/2011 | 2 | 616 10 CAL | 1096 | 13/03/2026 | 13/03/2026 | ej.1 | 13/05/2011 | Libros |